| 000 | 00573nam a22001817a 4500 | ||
|---|---|---|---|
| 005 | 20251108164132.0 | ||
| 008 | 250721s1985 xx 000 0 ara d | ||
| 082 | 1 | 4 | _a218,51/محم |
| 100 | 1 | _aأبو فارس، محمد عبد القادر | |
| 245 | 1 | 0 | _aإرشادات لتحسين خطبة الجمعة / |
| 264 | 1 |
_aعمان : _bدار الفرقان للنشر والتوزيع، _c1985. |
|
| 300 | _a119ص | ||
| 650 | 1 | 7 | _aخطب صلاة الجمعة |
| 650 | 1 | 7 | _aالمواعظ |
| 650 | 1 | 7 | _aالوعظ و الإرشاد |
| 942 |
_2ddc _cBK |
||
| 999 |
_c4497 _d4497 |
||